|
|
|
|
| LEADER |
00000nab a2200000 a 4500 |
| 001 |
vtls000235929 |
| 003 |
SK-MaSNL |
| 005 |
20260304073554.0 |
| 008 |
250422c1985 xo 0 slo |
| 015 |
|
|
|a SNBRB19rr/mm-uuuuu
|
| 035 |
|
|
|a CL0246043
|
| 035 |
|
|
|a urn:nbn:sk:snk-ab7976
|
| 035 |
|
|
|a (uuid)d5db9f88-440b-4a7f-83e7-034326a88cbb
|
| 035 |
|
|
|a (urnnbn)urn:nbn:sk:snk:ar-a07852
|
| 035 |
|
|
|a (sysno)vtls000235929
|
| 040 |
|
|
|a SNKBUCL
|b slo
|c SNKBUCL
|e AACR2
|
| 041 |
0 |
|
|a eng
|
| 044 |
|
|
|a xo
|c SK
|
| 080 |
|
|
|a 552.16
|2 1981
|
| 100 |
1 |
|
|a Andráš, Peter,
|d 1953-
|4 aut
|9 114910
|
| 245 |
1 |
0 |
|a Thermoanalytical study of the metamorphism grade in Malé Karpaty Mts. Region
|c Peter Andráš, Ivan Horváth
|
| 300 |
|
|
|b Obr. 6., lit. 26 zázn. v slov., češ., ruš., angl., nem.
|
| 650 |
0 |
7 |
|a metamorfóza (geológia)
|2 snkbucl
|9 250108
|
| 651 |
|
7 |
|a Malé Karpaty (Slovensko : pohorie)
|2 snkbucl
|9 17931
|
| 655 |
|
7 |
|a články z novín a časopisov
|2 snkbucl
|9 267496
|
| 700 |
1 |
|
|a Horváth, Ivan,
|d 1937-
|4 aut
|9 202940
|
| 773 |
0 |
|
|t Geologický zborník
|g Roč. 36, č. 1 (1985), s. 75-84
|
| 850 |
|
|
|a Slovenská národná knižnica
|
| 852 |
|
|
|a Slovenská národná knižnica
|
| 958 |
|
|
|a article27
|
| 958 |
|
|
|a NB
|
| 958 |
|
|
|a RK
|
| 958 |
|
|
|a OND
|
| 958 |
|
|
|a EUIPO
|
| 992 |
|
|
|a RBX
|
| 999 |
|
|
|c 2772203
|d 2774133
|